[Event "Cesme op-A 11th"]
[Site "Izmir"]
[Date "2025.06.29"]
[Round "9"]
[White "Tarhan, Adar"]
[Black "Dudin, Gleb"]
[Result "1/2-1/2"]
[WhiteElo "2465"]
[BlackElo "2574"]
[PlyCount "163"]
[EventDate "2025.06.23"]
[EventType "swiss"]
[EventRounds "9"]
[EventCountry "TUR"]
[SourceTitle "CB27_2025"]
[SourceDate "2025.07.02"]
[SourceVersion "1"]
[SourceVersionDate "2025.07.02"]
[SourceQuality "1"]

1. Nf3 d5 2. g3 c6 3. Bg2 Bg4 4. c4 e6 5. Qb3 Qb6 6. d3 Nd7 7. Be3 Bc5 8. d4 Be7 9. Nc3 Ngf6 10. 0-0 0-0 11. Nd2 h6 12. f3 Bf5 13. Bf2 Bg6 14. Rfe1 a5 15. e4 dxe4 16. Ndxe4 Qa6 17. Bf1 a4 18. Qc2 Qa5 19. Bd3 Nxe4 20. Nxe4 Rfd8 21. Red1 Rac8 22. b4 Bxb4 23. c5 Bxe4 24. Bxe4 a3 25. Rab1 b6 26. cxb6 Nxb6 27. Qb3 c5 28. Kg2 Na4 29. dxc5 Bxc5 30. Be1 Qa7 31. Qc2 Nb2 32. Rxd8+ Rxd8 33. Rc1 Be7 34. Qc7 Qxc7 35. Rxc7 Bd6 36. Rc6 Be7 37. Kf1 g5 38. Ke2 Na4 39. Bc2 Ra8 40. h4 gxh4 41. gxh4 Nc5 42. Bd2 h5 43. Be3 Na6 44. Be4 Nb4 45. Rc7 Re8 46. Bd2 Bf8 47. Rc1 f5 48. Bb1 Rb8 49. Bf4 Rb7 50. Bd2 Bg7 51. Rc8+ Kf7 52. Ra8 Bb2 53. Ra4 Nc6 54. Ra6 Nb4 55. Ra4 Nd5 56. Bc2 Ne7 57. Bb3 Nc6 58. Be3 Nb4 59. Bd2 Nd5 60. Ra5 Rd7 61. Ba4 Rc7 62. Bb3 Rd7 63. Ba4 Rd8 64. Ra7+ Kg6 65. Bb3 e5 66. Ra6+ Kg7 67. Ra7+ Kg6 68. Ra6+ Kg7 69. Ra7+ Kh8 70. Ra5 Nc3+ 71. Ke1 Nb1 72. Bb4 Rb8 73. Bd6 Rd8 74. Bxe5+ Bxe5 75. Rxe5 Rd4 76. Rxf5 Rxh4 77. Kf2 Nd2 78. Kg3 Rh1 79. Kg2 Rb1 80. Rxh5+ Kg7 81. Ra5 Nxb3 82. axb3 1/2-1/2

[Event "Cesme op-A 11th"]
[Site "Izmir"]
[Date "2025.06.26"]
[Round "6"]
[White "Eren, Ataberk"]
[Black "Tarhan, Adar"]
[Result "1-0"]
[WhiteElo "2423"]
[BlackElo "2465"]
[PlyCount "75"]
[EventDate "2025.06.23"]
[EventType "swiss"]
[EventRounds "9"]
[EventCountry "TUR"]
[SourceTitle "CB27_2025"]
[SourceDate "2025.07.02"]
[SourceVersion "1"]
[SourceVersionDate "2025.07.02"]
[SourceQuality "1"]

1. e4 e5 2. Nf3 Nc6 3. Bb5 a6 4. Ba4 Nf6 5. 0-0 Be7 6. Re1 b5 7. Bb3 0-0 8. a4 Bb7 9. d3 d6 10. Nbd2 Re8 11. Nf1 Bf8 12. Ng5 Re7 13. Ng3 h6 14. Nf3 g6 15. Nh4 Kh7 16. c3 Rd7 17. Nf3 Bg7 18. h4 d5 19. exd5 Nxd5 20. Ne4 Qf8 21. axb5 axb5 22. Rxa8 Bxa8 23. h5 g5 24. d4 exd4 25. Nfxg5+ Kh8 26. Nc5 Re7 27. Bxd5 Rxe1+ 28. Qxe1 hxg5 29. Ne4 f6 30. Bxg5 Qd8 31. Nxf6 Bxf6 32. Bxf6+ Qxf6 33. Qe8+ Kg7 34. Qg8+ Kh6 35. Qxa8 dxc3 36. bxc3 Ne5 37. Qe8 Qd6 38. f4 1-0

[Event "Cesme op-A 11th"]
[Site "Izmir"]
[Date "2025.06.26"]
[Round "5"]
[White "Tarhan, Adar"]
[Black "Akbas, Umut Ata"]
[Result "1-0"]
[WhiteElo "2465"]
[BlackElo "2431"]
[PlyCount "73"]
[EventDate "2025.06.23"]
[EventType "swiss"]
[EventRounds "9"]
[EventCountry "TUR"]
[SourceTitle "CB27_2025"]
[SourceDate "2025.07.02"]
[SourceVersion "1"]
[SourceVersionDate "2025.07.02"]
[SourceQuality "1"]

1. e4 c5 2. Nf3 d6 3. d4 cxd4 4. Nxd4 Nf6 5. Nc3 a6 6. h3 e5 7. Nde2 h5 8. g3 Be7 9. Bg2 b5 10. Nd5 Nxd5 11. Qxd5 Ra7 12. Be3 Rb7 13. 0-0 0-0 14. f4 Nd7 15. f5 Nb6 16. Qd3 Nc4 17. Bf2 Nxb2 18. Qf3 h4 19. Nc3 Nc4 20. Rad1 Rd7 21. Nd5 Bb7 22. Nxe7+ Qxe7 23. Qg4 Rfd8 24. Bb6 Nxb6 25. f6 Qf8 26. Rf5 g6 27. Rh5 Rc7 28. Qg5 Rc6 29. Rh6 Nd7 30. Qxh4 Qxh6 31. Qxh6 Nxf6 32. Qg5 Kg7 33. Rf1 d5 34. exd5 Rb6 35. Qxe5 Bxd5 36. Rxf6 Rxf6 37. g4 1-0

[Event "Cesme op-A 11th"]
[Site "Izmir"]
[Date "2025.06.25"]
[Round "4"]
[White "Zerey, Demhat"]
[Black "Tarhan, Adar"]
[Result "0-1"]
[WhiteElo "2109"]
[BlackElo "2465"]
[PlyCount "88"]
[EventDate "2025.06.23"]
[EventType "swiss"]
[EventRounds "9"]
[EventCountry "TUR"]
[SourceTitle "CB27_2025"]
[SourceDate "2025.07.02"]
[SourceVersion "1"]
[SourceVersionDate "2025.07.02"]
[SourceQuality "1"]

1. d4 Nf6 2. Bf4 c5 3. e3 Nd5 4. Bg3 Qb6 5. b3 cxd4 6. exd4 Qb4+ 7. c3 Qa5 8. Nf3 e6 9. b4 Qd8 10. Bd3 b6 11. 0-0 Bb7 12. a3 Be7 13. c4 Nf6 14. Nc3 0-0 15. d5 Nh5 16. d6 Bf6 17. Be5 Bxe5 18. Nxe5 Qg5 19. Nf3 Qf4 20. Re1 f5 21. Ne5 Qg5 22. g3 Nc6 23. Nxd7 Rfd8 24. Ne5 Nxe5 25. Rxe5 Qf6 26. Qe2 Rxd6 27. Bxf5 exf5 28. Re8+ Kf7 29. Rxa8 Kg6 30. Rb8 Qxc3 31. Qe8+ Kh6 32. Qe3+ Qxe3 33. fxe3 Be4 34. Rf1 Rd2 35. Rf2 Rd3 36. Ra2 Rd1+ 37. Kf2 Rh1 38. Rd2 Rxh2+ 39. Ke1 Rh1+ 40. Kf2 Nf6 41. c5 bxc5 42. bxc5 Rc1 43. Rb4 Rxc5 44. Ra4 Bc6 0-1

[Event "Cesme op-A 11th"]
[Site "Izmir"]
[Date "2025.06.23"]
[Round "1"]
[White "Tarhan, Adar"]
[Black "Zeynalli, Rashad Hamza"]
[Result "1-0"]
[WhiteElo "2465"]
[BlackElo "2255"]
[PlyCount "81"]
[EventDate "2025.06.23"]
[EventType "swiss"]
[EventRounds "9"]
[EventCountry "TUR"]
[SourceTitle "CB27_2025"]
[SourceDate "2025.07.02"]
[SourceVersion "1"]
[SourceVersionDate "2025.07.02"]
[SourceQuality "1"]

1. e4 c5 2. Nf3 Nc6 3. Bb5 g6 4. 0-0 Bg7 5. Bxc6 dxc6 6. d3 Qc7 7. a4 a5 8. Na3 e5 9. Be3 b6 10. Nc4 Be6 11. Nfd2 Nf6 12. b4 Ng4 13. bxc5 Nxe3 14. fxe3 bxc5 15. Rb1 0-0 16. Qc1 f5 17. Qa3 Qe7 18. Qc3 f4 19. Kh1 Qg5 20. Nf3 Qh5 21. Rb7 Bf6 22. Rc7 g5 23. Rxc6 Rae8 24. Nd6 Re7 25. exf4 g4 26. Ng1 Bh4 27. f5 Bd7 28. Rc7 Bg3 29. h3 gxh3 30. Nxh3 Bxf5 31. Nxf5 Rxc7 32. Qc4+ Kh8 33. Nxg3 Rxf1+ 34. Nxf1 Rg7 35. Qxc5 Qg4 36. Ne3 Qg3 37. Qf8+ Rg8 38. Qf6+ Rg7 39. Qf2 Qg6 40. Nc4 Rf7 41. Nxe5 1-0

[Event "EU-ch 25th"]
[Site "Eforie Nord"]
[Date "2025.03.22"]
[Round "7"]
[White "Domingo Nunez, Alejandro"]
[Black "Tarhan, Adar"]
[Result "0-1"]
[WhiteElo "2337"]
[BlackElo "2460"]
[PlyCount "174"]
[EventDate "2025.03.15"]
[EventType "swiss"]
[EventRounds "11"]
[EventCountry "ROU"]
[SourceTitle "CB13_2025"]
[SourceDate "2025.03.26"]
[SourceVersion "1"]
[SourceVersionDate "2025.03.26"]
[SourceQuality "1"]

1. Nf3 Nf6 2. g3 d5 3. c4 d4 4. b4 c5 5. Bb2 Qc7 6. bxc5 e5 7. Bg2 Bxc5 8. 0-0 0-0 9. d3 Nc6 10. Nbd2 Re8 11. Nb3 Bf8 12. Qc1 Bf5 13. Ba3 Bxa3 14. Qxa3 Rad8 15. Nh4 Bc8 16. Nd2 g5 17. Nhf3 h6 18. h4 e4 19. dxe4 Nxe4 20. Nxe4 Rxe4 21. Nxg5 Re5 22. Ne4 Kg7 23. Rfe1 Bf5 24. Nd2 Rde8 25. Nb3 Be4 26. Qb2 Qb6 27. Rad1 Qb4 28. Bf1 Bf3 29. Qd2 Bh5 30. Nxd4 Qxc4 31. Nxc6 Qxc6 32. Rc1 Qf6 33. Qb2 Bf3 34. e3 R8e6 35. Rc4 Rb6 36. Qc3 Rf5 37. Qxf6+ Rfxf6 38. Rec1 Rb2 39. R4c2 Rc6 40. Rxc6 Bxc6 41. Bc4 h5 42. Kf1 a5 43. e4 Bxe4 44. Re1 Bf3 45. Re3 Rb1+ 46. Re1 Bg2+ 47. Ke2 Rb2+ 48. Ke3 b5 49. Re2 Rb4 50. Bd3 Bd5 51. Rc2 a4 52. Rc5 Bxa2 53. Rxb5 Rxb5 54. Bxb5 a3 55. Kd3 f6 56. Kc3 Bf7 57. Bd3 Kf8 58. f3 Bd5 59. g4 Bxf3 60. gxh5 Bd5 61. h6 Kg8 62. Bf5 Kh8 63. Kc2 Bg8 64. Kc3 Bh7 65. Be6 Bb1 66. Kb3 a2 67. Kb2 Kh7 68. Bg4 Kxh6 69. Ka1 Kg6 70. Bd1 f5 71. Kb2 f4 72. Ka1 Kf5 73. Kb2 Ke4 74. Ka1 Ke3 75. Kb2 Kf2 76. h5 Ke3 77. h6 Kd4 78. Be2 Ke5 79. h7 Bxh7 80. Kxa2 Kd4 81. Kb2 Ke3 82. Bg4 Bd3 83. Kc1 Be2 84. Bd7 f3 85. Bh3 f2 86. Kc2 Kf4 87. Kd2 Ba6 0-1

[Event "EU-ch 25th"]
[Site "Eforie Nord"]
[Date "2025.03.19"]
[Round "5"]
[White "Vagman, Roy"]
[Black "Tarhan, Adar"]
[Result "1/2-1/2"]
[WhiteElo "2300"]
[BlackElo "2460"]
[PlyCount "113"]
[EventDate "2025.03.15"]
[EventType "swiss"]
[EventRounds "11"]
[EventCountry "ROU"]
[SourceTitle "CB13_2025"]
[SourceDate "2025.03.26"]
[SourceVersion "1"]
[SourceVersionDate "2025.03.26"]
[SourceQuality "1"]

1. e4 e5 2. Nf3 Nc6 3. Bc4 Bc5 4. d3 Nf6 5. 0-0 0-0 6. h3 h6 7. Re1 a6 8. a4 d6 9. c3 Ba7 10. Nbd2 Be6 11. Bxe6 fxe6 12. b4 Nh5 13. Nf1 Qf6 14. Ra2 Ne7 15. N1h2 Nf4 16. d4 exd4 17. Bxf4 Qxf4 18. cxd4 Nc6 19. Rc2 Bb6 20. b5 axb5 21. axb5 Ne7 22. Qd3 Ra5 23. Qb3 Qf7 24. Ra2 Rxa2 25. Qxa2 d5 26. Ng4 Ng6 27. Nge5 Nxe5 28. Nxe5 Qh5 29. exd5 Bxd4 30. Nf3 Rxf3 31. gxf3 exd5 32. Re4 Bb6 33. Rg4 Qf5 34. Qb2 d4 35. Qe2 Qd7 36. Qc4+ Kh8 37. Rf4 Qe8 38. Re4 Qh5 39. Rg4 Qf5 40. Qe2 Qf7 41. Qe4 Qd7 42. Rg6 d3 43. Re6 Kg8 44. Re8+ Kf7 45. Re5 c6 46. bxc6 bxc6 47. Qc4+ Kf6 48. Qf4+ Kg6 49. Qe4+ Kf6 50. h4 g5 51. hxg5+ hxg5 52. f4 Qg4+ 53. Kf1 gxf4 54. Qxc6+ Kxe5 55. Qb5+ Ke4 56. Qc6+ Ke5 57. Qb5+ 1/2-1/2

[Event "EU-ch 25th"]
[Site "Eforie Nord"]
[Date "2025.03.17"]
[Round "3"]
[White "Ponomariov, Ruslan"]
[Black "Tarhan, Adar"]
[Result "1/2-1/2"]
[WhiteElo "2628"]
[BlackElo "2460"]
[PlyCount "39"]
[EventDate "2025.03.15"]
[EventType "swiss"]
[EventRounds "11"]
[EventCountry "ROU"]
[SourceTitle "CB13_2025"]
[SourceDate "2025.03.26"]
[SourceVersion "1"]
[SourceVersionDate "2025.03.26"]
[SourceQuality "1"]

1. e4 e5 2. Nf3 Nc6 3. Bb5 a6 4. Ba4 Nf6 5. 0-0 Be7 6. Re1 b5 7. Bb3 0-0 8. d4 Nxd4 9. Nxd4 exd4 10. e5 Ne8 11. Qxd4 c5 12. Qe4 Nc7 13. c4 bxc4 14. Bc2 g6 15. Bh6 Re8 16. Nd2 Bf8 17. Bxf8 d5 18. Qe3 Rxf8 19. Qxc5 Ne6 20. Qa3 1/2-1/2

[Event "EU-ch 25th"]
[Site "Eforie Nord"]
[Date "2025.03.16"]
[Round "2"]
[White "Tarhan, Adar"]
[Black "Hakobyan, Aram"]
[Result "1/2-1/2"]
[WhiteElo "2460"]
[BlackElo "2635"]
[PlyCount "99"]
[EventDate "2025.03.15"]
[EventType "swiss"]
[EventRounds "11"]
[EventCountry "ROU"]
[SourceTitle "CB13_2025"]
[SourceDate "2025.03.26"]
[SourceVersion "1"]
[SourceVersionDate "2025.03.26"]
[SourceQuality "1"]

1. d4 e6 2. c4 Nf6 3. Nf3 b6 4. g3 Ba6 5. b3 Bb7 6. Bg2 Bb4+ 7. Bd2 c5 8. Bxb4 cxb4 9. 0-0 0-0 10. a3 Na6 11. axb4 Nxb4 12. Nc3 a5 13. e3 Rc8 14. Ne5 Ba6 15. d5 exd5 16. Nxd5 Nbxd5 17. Bxd5 Qe7 18. Nf3 Nxd5 19. Qxd5 Rc5 20. Qd4 Bb7 21. Ne1 Rc6 22. Rd1 Rh6 23. Ng2 Rd8 24. f3 f5 25. Qf4 Rf6 26. Qc7 Bc6 27. Rd3 Re8 28. Nf4 Qc5 29. Kf2 a4 30. bxa4 Qxc4 31. Rfd1 Qxa4 32. Qxb6 Bxf3 33. Qxf6 gxf6 34. Kxf3 Qc2 35. R1d2 Qc1 36. Rd1 Qc2 37. R1d2 Qc6+ 38. Kf2 Qh1 39. Rxd7 Qxh2+ 40. Kf1 Qh1+ 41. Kf2 Qe4 42. Nd5 Qe6 43. Rb2 f4 44. gxf4 Kf8 45. Rbb7 Ra8 46. Rxh7 Ra2+ 47. Ke1 Ra1+ 48. Kf2 Ra2+ 49. Ke1 Ra1+ 50. Kf2 1/2-1/2

[Event "Wch U20 62nd"]
[Site "Petrovac"]
[Date "2025.03.05"]
[Round "9"]
[White "Tarhan, Adar"]
[Black "Amar, Elham"]
[Result "1/2-1/2"]
[WhiteElo "2460"]
[BlackElo "2537"]
[PlyCount "83"]
[EventDate "2025.02.25"]
[EventType "swiss"]
[EventRounds "11"]
[EventCountry "MNE"]
[SourceTitle "CB11_2025"]
[SourceDate "2025.03.12"]
[SourceVersion "1"]
[SourceVersionDate "2025.03.12"]
[SourceQuality "1"]

1. e4 c6 2. d4 d5 3. e5 c5 4. dxc5 e6 5. Bd3 Nd7 6. Nf3 Nxc5 7. Be2 Bd7 8. 0-0 Ne7 9. Na3 Ng6 10. c4 Bc6 11. b4 Ne4 12. cxd5 Qxd5 13. Nb5 Qxd1 14. Rxd1 Bxb4 15. Nc7+ Ke7 16. Nxa8 Nc3 17. Re1 Rxa8 18. Bd3 Rd8 19. Bg5+ f6 20. exf6+ gxf6 21. Bf5 Bd5 22. a3 Ba5 23. Be3 Na4 24. Bd2 Bxd2 25. Nxd2 Nf4 26. g3 Ng2 27. Re2 Nc3 28. Bg4 Rg8 29. Rxe6+ Bxe6 30. Bxe6 Kxe6 31. Kxg2 Rd8 32. Re1+ Kf7 33. Ne4 Nxe4 34. Rxe4 b5 35. Rh4 Kg8 36. Rg4+ Kf8 37. Rh4 Rd7 38. Kf3 Kg7 39. a4 a6 40. axb5 axb5 41. Rb4 Rd5 42. Ke4 1/2-1/2

[Event "Wch U20 62nd"]
[Site "Petrovac"]
[Date "2025.03.03"]
[Round "7"]
[White "Tarhan, Adar"]
[Black "Meng, Yihan"]
[Result "1/2-1/2"]
[WhiteElo "2460"]
[BlackElo "2412"]
[PlyCount "168"]
[EventDate "2025.02.25"]
[EventType "swiss"]
[EventRounds "11"]
[EventCountry "MNE"]
[SourceTitle "CB11_2025"]
[SourceDate "2025.03.12"]
[SourceVersion "1"]
[SourceVersionDate "2025.03.12"]
[SourceQuality "1"]

1. e4 e5 2. Nf3 Nf6 3. Nxe5 d6 4. Nf3 Nxe4 5. d4 d5 6. Bd3 Bd6 7. 0-0 0-0 8. c4 c6 9. Nc3 Nxc3 10. bxc3 dxc4 11. Bxc4 Bf5 12. Bg5 Qa5 13. Nh4 Be6 14. Bxe6 Qxg5 15. Nf3 Qa5 16. Bb3 Nd7 17. Qd3 Nf6 18. g3 g6 19. Rae1 Rae8 20. h4 Kg7 21. Ng5 Rxe1 22. Rxe1 h6 23. Nf3 Re8 24. Rxe8 Nxe8 25. c4 Nf6 26. c5 Bb8 27. Kg2 Qd8 28. Qe3 Bc7 29. Ne1 Ng4 30. Qf3 Nf6 31. Nc2 Qe7 32. Ne3 h5 33. Kf1 Qe4 34. Qxe4 Nxe4 35. Ke2 b6 36. d5 Nxc5 37. dxc6 Kf8 38. Nd5 Ne6 39. Kd3 Bd8 40. Kc4 a6 41. Bd1 Ke8 42. a4 Kf8 43. Kc3 b5 44. axb5 Ba5+ 45. Kc4 axb5+ 46. Kxb5 Be1 47. g4 Bxf2 48. gxh5 gxh5 49. c7 Nxc7+ 50. Nxc7 Bxh4 51. Nd5 Be1 52. Bxh5 Kg7 53. Kc4 f5 54. Kd4 Kh6 55. Bd1 Kg5 56. Ke3 Bg3 57. Kf3 Bd6 58. Ba4 Bc5 59. Bd7 Kg6 60. Nf4+ Kf6 61. Bc8 Bd6 62. Nd5+ Ke5 63. Bb7 Kd4 64. Ne3 f4 65. Nf5+ Ke5 66. Nh6 Bc7 67. Ke2 Kd4 68. Nf5+ Ke5 69. Ng7 Bb6 70. Kd3 Kf6 71. Nh5+ Ke5 72. Be4 Be3 73. Ng7 Bb6 74. Nf5 f3 75. Ne7 f2 76. Bg2 Bc5 77. Nc6+ Kd6 78. Na5 Ke5 79. Nc4+ Kf4 80. Nd2 Ba7 81. Ne4 Ke5 82. Ke2 Kf4 83. Nxf2 Bxf2 84. Kxf2 Ke5 1/2-1/2

[Event "Titled Tuesday intern op 11th Feb Early"]
[Site "Chess.com INT"]
[Date "2025.02.11"]
[Round "1"]
[White "Ernst, Robert"]
[Black "Tarhan, Adar"]
[Result "1-0"]
[WhiteElo "2380"]
[BlackElo "2460"]
[PlyCount "95"]
[EventDate "2025.02.11"]
[EventType "swiss (blitz)"]
[EventRounds "11"]
[EventCountry "USA"]
[SourceTitle "CB09_2025"]
[SourceDate "2025.02.27"]
[SourceVersion "1"]
[SourceVersionDate "2025.02.27"]
[SourceQuality "1"]

1. Nf3 d5 2. c4 d4 3. g3 Nc6 4. Bg2 e5 5. 0-0 Be6 6. d3 Be7 7. e3 Nf6 8. exd4 exd4 9. Re1 0-0 10. Bg5 h6 11. Bxf6 Bxf6 12. Nbd2 Re8 13. a3 Bf5 14. Qc2 a5 15. Rxe8+ Qxe8 16. Re1 Qd7 17. c5 Re8 18. Rxe8+ Qxe8 19. Ne4 Bxe4 20. dxe4 Qe7 21. Ne1 g5 22. Nd3 Ne5 23. b4 Nxd3 24. Qxd3 axb4 25. axb4 b6 26. cxb6 cxb6 27. Qb5 Qd6 28. Bf1 Be7 29. Bc4 Kg7 30. Qe8 Qf6 31. e5 Qf3 32. Qxe7 g4 33. e6 d3 34. Qxf7+ Qxf7 35. exf7 d2 36. Bb3 b5 37. Kf1 h5 38. Ke2 h4 39. gxh4 g3 40. hxg3 Kh6 41. f8Q+ Kh5 42. Bf7+ Kg4 43. Be6+ Kh5 44. Qf5+ Kh6 45. Qg5+ Kh7 46. Bf5+ Kh8 47. Qh6+ Kg8 48. Be6# 1-0

[Event "Titled Tuesday intern op 11th Feb Early"]
[Site "Chess.com INT"]
[Date "2025.02.11"]
[Round "2"]
[White "Tarhan, Adar"]
[Black "Denisenko, Denis"]
[Result "1-0"]
[WhiteElo "2460"]
[BlackElo "1934"]
[PlyCount "71"]
[EventDate "2025.02.11"]
[EventType "swiss (blitz)"]
[EventRounds "11"]
[EventCountry "USA"]
[SourceTitle "CB09_2025"]
[SourceDate "2025.02.27"]
[SourceVersion "1"]
[SourceVersionDate "2025.02.27"]
[SourceQuality "1"]

1. d4 d5 2. c4 c6 3. Nf3 Nf6 4. Nc3 e6 5. e3 Nbd7 6. Qc2 Bd6 7. Bd3 0-0 8. 0-0 e5 9. cxd5 cxd5 10. dxe5 Nxe5 11. Nxe5 Bxe5 12. Bd2 Re8 13. Ne2 Bxh2+ 14. Kxh2 Ng4+ 15. Kg3 Qd6+ 16. f4 h5 17. Rh1 Nxe3 18. Bxe3 Rxe3+ 19. Kf2 Qb6 20. Kf1 Bg4 21. Nc3 Qd4 22. Be2 Qxf4+ 23. Kg1 Bxe2 24. Nxe2 Qg4 25. Nc3 Rae8 26. Rf1 d4 27. Qf2 Qg6 28. Nd5 Re2 29. Qf3 Rxb2 30. Nf4 Qg4 31. Qd5 Re3 32. Qd8+ Kh7 33. Rxh5+ Qxh5 34. Nxh5 Ree2 35. Nf4 d3 36. Nxe2 1-0

[Event "Titled Tuesday intern op 11th Feb Early"]
[Site "Chess.com INT"]
[Date "2025.02.11"]
[Round "9"]
[White "Tarhan, Adar"]
[Black "Nguyen, Quang Anh"]
[Result "1-0"]
[WhiteElo "2460"]
[BlackElo "2031"]
[PlyCount "89"]
[EventDate "2025.02.11"]
[EventType "swiss (blitz)"]
[EventRounds "11"]
[EventCountry "USA"]
[SourceTitle "CB08_2025"]
[SourceDate "2025.02.19"]
[SourceVersion "1"]
[SourceVersionDate "2025.02.19"]
[SourceQuality "1"]

1. e4 e6 2. d4 d5 3. Nd2 Nf6 4. e5 Nfd7 5. Bd3 c5 6. c3 Nc6 7. Ne2 cxd4 8. cxd4 f6 9. exf6 Nxf6 10. Nf3 Bd6 11. 0-0 0-0 12. Bf4 Bxf4 13. Nxf4 Ng4 14. Qd2 Qd6 15. g3 e5 16. dxe5 Ngxe5 17. Nxe5 Nxe5 18. Be2 d4 19. Rfd1 Rd8 20. Rac1 Bf5 21. Qa5 b6 22. Qa6 d3 23. Qb7 Qf8 24. Bf1 Bg4 25. Bg2 Bxd1 26. Ne6 Nf3+ 27. Kh1 Rdb8 28. Qd5 Qf7 29. Rxd1 Rd8 30. Qe4 Re8 31. Bxf3 Qxe6 32. Qxe6+ Rxe6 33. Bxa8 Re2 34. Kg2 d2 35. Bf3 Re1 36. Rxd2 Rb1 37. Rd7 Rxb2 38. Bd5+ Kf8 39. Rf7+ Ke8 40. Rxg7 a5 41. Rxh7 b5 42. h4 a4 43. h5 b4 44. Rb7 a3 45. h6 1-0

[Event "Titled Tuesday intern op 11th Feb Early"]
[Site "Chess.com INT"]
[Date "2025.02.11"]
[Round "11"]
[White "Tarhan, Adar"]
[Black "Yoo, Christopher Woojin"]
[Result "1-0"]
[WhiteElo "2460"]
[BlackElo "2588"]
[PlyCount "35"]
[EventDate "2025.02.11"]
[EventType "swiss (blitz)"]
[EventRounds "11"]
[EventCountry "USA"]
[SourceTitle "CB08_2025"]
[SourceDate "2025.02.19"]
[SourceVersion "1"]
[SourceVersionDate "2025.02.19"]
[SourceQuality "1"]

1. e4 c5 2. Nf3 Nc6 3. Bb5 e5 4. 0-0 Bd6 5. c3 a6 6. Bc4 b5 7. Bd5 Nf6 8. d4 cxd4 9. cxd4 Nxd5 10. exd5 Nxd4 11. Nxd4 exd4 12. Re1+ Kf8 13. Qxd4 Qc7 14. Bh6 Rg8 15. Bg5 Qc4 16. Qe3 Bb7 17. Be7+ Ke8 18. Bxd6+ 1-0

[Event "Titled Tuesday intern op 11th Feb Early"]
[Site "Chess.com INT"]
[Date "2025.02.11"]
[Round "5"]
[White "Tomb, Maroun"]
[Black "Tarhan, Adar"]
[Result "1-0"]
[WhiteElo "2090"]
[BlackElo "2460"]
[PlyCount "45"]
[EventDate "2025.02.11"]
[EventType "swiss (blitz)"]
[EventRounds "11"]
[EventCountry "USA"]
[SourceTitle "CB08_2025"]
[SourceDate "2025.02.19"]
[SourceVersion "1"]
[SourceVersionDate "2025.02.19"]
[SourceQuality "1"]

1. e4 e5 2. Nf3 Nc6 3. Bb5 a6 4. Ba4 Nf6 5. d4 exd4 6. 0-0 Be7 7. e5 Ne4 8. Nxd4 Nxd4 9. Qxd4 Nc5 10. Nc3 0-0 11. Nd5 Nxa4 12. Qxa4 b5 13. Qe4 Rb8 14. Rd1 Bb7 15. Qg4 Kh8 16. Bf4 Bc6 17. Rd3 Bc5 18. Rad1 Rc8 19. Rh3 Re8 20. Rxh7+ Kxh7 21. Nf6+ gxf6 22. Qh4+ Kg8 23. exf6 1-0

[Event "Titled Tuesday intern op 04th Feb Early"]
[Site "Chess.com INT"]
[Date "2025.02.04"]
[Round "2"]
[White "Besou, Hussain"]
[Black "Tarhan, Adar"]
[Result "1-0"]
[WhiteElo "2367"]
[BlackElo "2460"]
[PlyCount "105"]
[EventDate "2025.02.04"]
[EventType "swiss (blitz)"]
[EventRounds "11"]
[EventCountry "USA"]
[SourceTitle "CB07_2025"]
[SourceDate "2025.02.12"]
[SourceVersion "1"]
[SourceVersionDate "2025.02.12"]
[SourceQuality "1"]

1. d4 d5 2. c4 e6 3. Nf3 Nf6 4. Nc3 dxc4 5. e4 a6 6. e5 Nd5 7. Bxc4 Nxc3 8. bxc3 b5 9. Bd3 Bb7 10. 0-0 Be7 11. a4 c6 12. Qe2 Nd7 13. c4 bxc4 14. Bxc4 0-0 15. Rb1 Qc7 16. Bf4 Rfb8 17. Bd3 c5 18. Rfc1 Bd5 19. Rxb8+ Qxb8 20. Bxa6 Bxf3 21. gxf3 Qb4 22. Bb5 Nb6 23. Bd2 Qxd4 24. a5 Nd5 25. Bc6 Ra7 26. Rc4 Qa1+ 27. Kg2 Nb4 28. Bc3 Qxa5 29. Be4 g6 30. Qd2 Qb5 31. Qe2 Nd5 32. Bd2 Ra2 33. Bd3 Qb2 34. Rc2 Qb3 35. Rxa2 Qxa2 36. Bc4 Qc2 37. Qd3 Qxd3 38. Bxd3 Kf8 39. f4 h5 40. Kf3 Ke8 41. Bb5+ Kd8 42. Ba5+ Kc8 43. Be8 f6 44. Bxg6 fxe5 45. fxe5 h4 46. Bd3 Kd7 47. Bb5+ Kc8 48. Ke4 Bg5 49. Bc4 Nf4 50. Bd2 Nh3 51. Bxe6+ Kd8 52. Ba5+ Ke7 53. Bxh3 1-0

[Event "Titled Tuesday intern op 04th Feb Early"]
[Site "Chess.com INT"]
[Date "2025.02.04"]
[Round "5"]
[White "Purtseladze, Maka"]
[Black "Tarhan, Adar"]
[Result "0-1"]
[WhiteElo "2261"]
[BlackElo "2460"]
[PlyCount "128"]
[EventDate "2025.02.04"]
[EventType "swiss (blitz)"]
[EventRounds "11"]
[EventCountry "USA"]
[SourceTitle "CB07_2025"]
[SourceDate "2025.02.12"]
[SourceVersion "1"]
[SourceVersionDate "2025.02.12"]
[SourceQuality "1"]

1. Nf3 Nf6 2. g3 d5 3. Bg2 c6 4. 0-0 Bf5 5. d3 e6 6. Nbd2 h6 7. Qe1 Bh7 8. e4 Be7 9. b3 a5 10. a3 Nbd7 11. Bb2 0-0 12. Ne5 Nxe5 13. Bxe5 Qb6 14. Kh1 Rfd8 15. h3 dxe4 16. Nxe4 Nxe4 17. Bxe4 Qc5 18. Bxh7+ Kxh7 19. Qe4+ Kg8 20. Qe2 Bd6 21. Bxd6 Rxd6 22. f4 Rad8 23. Rf3 Qc3 24. Re1 Rd5 25. Re3 Rc5 26. Rc1 Qb2 27. Qd1 Qxa3 28. Ra1 Qb2 29. Re2 b5 30. Rxa5 Qd4 31. Qa1 Qb4 32. Kg2 h5 33. Ra8 Rcd5 34. Rxd8+ Rxd8 35. Qe5 g6 36. Qe4 Qc5 37. Qe5 Rd5 38. Qe4 Qc3 39. Kh2 Rc5 40. Qg2 Qd4 41. Qf2 Qd6 42. Qg2 h4 43. gxh4 Qxf4+ 44. Qg3 Qc1 45. Qf2 Rf5 46. Qg2 Rf1 47. Qxc6 Qf4+ 48. Kg2 Ra1 49. Rf2 Qb8 50. Qe4 Qc7 51. Qf4 Qb7+ 52. Qf3 Qe7 53. h5 Qg5+ 54. Qg4 Qc1 55. Kg3 Qe3+ 56. Rf3 Rg1+ 57. Kh4 Rxg4+ 58. Kxg4 f5+ 59. Kg3 Qg5+ 60. Kf2 Qxh5 61. Rg3 Qh4 62. c4 bxc4 63. bxc4 Kf7 64. Kg2 e5 0-1